000 01231nam a2200253Ia 4500
003 Ost
005 20260507075421.0
008 260507s9999||||xx |||||||||||||| ||und||
020 _a978995797015
040 _cfsecg
041 _aara
082 _a330
100 _aالزغبي، علي فلاح
_eمؤلف
245 0 _aإدارة الترويج والإعلان التجاري :
_bمدخل معاصر /
_c علي فلاح الزغبي
260 _aعمان:
_bدار المسيرة,
_c2015
300 _a511 صفحة؛
_bإيضاحات ؛
_c25 سم
504 _aالملاحق ص.481
520 _aيضم مدخل تمهيدي لإدارة الترويج والاعلان التجاري، مدخل إلى التسويق، مدخل إلى الاتصالات وإدارة الترويج، الاتصالات التسويقية المتكاملةو يضم مقدمة في إدارة الاعلان التجاري، مدخل وظيفي، لبيع الشخصي، العلاقات العامة و تنشيط المبيعات، النشر التجاري.
653 _aأدارة المبيعات
653 _aالاعلان التجاري
653 _aالترويج
653 _aالتسويق
942 _cكتاب
999 _c44466
_d44466